Statistics for Biggest U.S. Cities Within 200 Kilometers

Click here to take the quiz!

General Stats

  • This quiz has been taken 23,169 times
  • The average score is 42 of 77

Answers on the Map

Answers color-coded by a green-red scale on the quiz's map according to % correct below.
 

Answer Stats

PopulationCity% Correct
3,971,883Los Angeles
97%
8,550,405New York
96%
441,003Miami
94%
684,451Seattle
93%
667,137Boston
92%
2,720,546Chicago
92%
1,300,092Dallas
92%
2,296,224Houston
91%
623,747Las Vegas
90%
677,116Detroit
87%
1,563,025Phoenix
86%
463,878Atlanta
85%
389,617New Orleans
85%
682,545Denver
84%
632,309Portland
83%
352,769Honolulu
82%
192,672Salt Lake City
79%
853,173Indianapolis
78%
170,674Jackson
78%
410,939Minneapolis
77%
654,610Nashville
77%
475,378Kansas City
76%
631,346Oklahoma City
76%
369,075Tampa
76%
298,695Anchorage
75%
1,469,845San Antonio
75%
218,281Boise
71%
681,124El Paso
71%
655,770Memphis
71%
258,071Buffalo
70%
850,106Columbus
70%
868,031Jacksonville
70%
32,756Juneau
70%
315,685St. Louis
70%
559,121Albuquerque
66%
827,097Charlotte
65%
189,907Tallahassee
65%
451,066Raleigh
64%
1,026,908San Jose
63%
197,992Little Rock
62%
210,330Des Moines
61%
212,461Birmingham
54%
443,885Omaha
54%
71,167Bismarck
52%
452,745Virginia Beach
45%
32,325Fairbanks
44%
194,288Mobile
44%
118,523Fargo
43%
324,074Corpus Christi
41%
213,272Spokane
39%
389,965Wichita
39%
110,263Billings
37%
171,544Sioux Falls
37%
185,291Knoxville
36%
166,810Springfield
35%
86,110Duluth
33%
183,887Brownsville
27%
249,042Lubbock
27%
197,204Shreveport
26%
255,473Laredo
24%
197,182Augusta
23%
60,285Casper
22%
71,022Missoula
21%
94,139Yuma
20%
91,582Redding
19%
59,184Idaho Falls
18%
73,569Rapid City
18%
13,827Sault Ste. Marie
17%
60,358Grand Junction
16%
121,721Abilene
14%
21,297Marquette
14%
20,279Elko
13%
59,638Great Falls
13%
48,544Roswell
13%
42,871Farmington
9%
36,153Del Rio
8%
23,962Rock Springs
8%

Score Distribution

Percentile by Number Answered

Percent of People with Each Score

Your Score History

You have not taken this quiz